000 00384nam a2200145Ia 4500
008 231129s1979||||xx |||||||||||||| ||spa||
020 _a84-206-2110-2
040 _bspa
082 _a944.04 H231
100 _aHampson Norman
245 0 _aHistoria social de la Revolución Francesa
260 _c1979
264 _aAlianza
942 _2ddc
_cBKS
999 _c15334
_d15334